|
|
|
|
| LEADER |
00000nbm0a2200000 4500 |
| 001 |
143257 |
| 005 |
20231031143154.0 |
| 035 |
|
|
|a (RuTPU)RU\TPU\book\155229
|
| 090 |
|
|
|a 143257
|
| 100 |
|
|
|a 20080917d1965 k y0rusy50 ca
|
| 101 |
0 |
|
|a rus
|
| 102 |
|
|
|a RU
|
| 105 |
|
|
|a a m 001zy
|
| 200 |
1 |
|
|a Вещественные составы покровных суглинков Томсой области
|e Диссертационная работа на соискание ученой степени кандидата химических наук
|f Э. А. Губер
|g Томский политехнический институт (ТПИ) ; науч. рук. П. Г. Усов
|
| 210 |
|
|
|a Томск
|c [Б. и.]
|d 1965
|
| 215 |
|
|
|a 164 л.
|c ил.
|
| 320 |
|
|
|a Библиогр.: с. 155 - 164 ( 125 назв.)
|
| 610 |
1 |
|
|a Томская область
|
| 610 |
1 |
|
|a покровные отложения
|
| 610 |
1 |
|
|a суглинки
|
| 610 |
1 |
|
|a вещественный состав
|
| 610 |
1 |
|
|a глинистые минералы
|
| 610 |
1 |
|
|a образование
|
| 610 |
1 |
|
|a свойства
|
| 610 |
1 |
|
|a структура
|
| 610 |
1 |
|
|a силикаты
|
| 610 |
1 |
|
|a поверхность
|
| 610 |
1 |
|
|a абсорбция
|
| 610 |
1 |
|
|a экспериментальные исследования
|
| 610 |
1 |
|
|a диссертации
|
| 675 |
|
|
|a 553.611(04)
|v 3
|
| 675 |
|
|
|a 666(04)
|v 3
|
| 700 |
|
1 |
|a Губер
|b Э. А.
|
| 702 |
|
1 |
|a Усов
|b П. Г.
|c химик
|c профессор Томского политехнического института, доктор технических наук
|f 1905-1977
|g Петр Григорьевич
|2 stltpush
|3 (RuTPU)RU\TPU\pers\7821
|4 727
|
| 712 |
0 |
2 |
|a Томский политехнический институт (ТПИ)
|c (1944-1991)
|2 stltpush
|3 (RuTPU)RU\TPU\col\1123
|
| 801 |
|
1 |
|a RU
|b 63413507
|c 20080917
|g PSBO
|
| 801 |
|
2 |
|a RU
|b 63413507
|c 20161202
|g RCR
|
| 942 |
|
|
|c BK
|